Nova CLT de acordo com a Lei nð 13.467 de 2017 (Reforma Trabalhista) /

Detalles Bibliográficos
Autor principal: Lima Ralin, Paulo Raimundo
Otros Autores: Camargo Felisbino, Rafael
Formato: eBook
Lenguaje:portugués
Publicado: Rio de Janeiro: Editora Processo, 2018
Materias:
Acceso en línea:Acceso restringido

MARC

LEADER 00000nam a22000007a 4500
005 20220816235046.0
007 cr|||| ||||
008 220816s2018 br |||||s|||| 00||0 por d
020 |a 978-85-93741-17-3 
035 |a 36827 
040 |a vLex 
090 |c 13705  |d 13705 
100 1 |a Lima Ralin, Paulo Raimundo 
245 1 0 |a Nova CLT de acordo com a Lei nð 13.467 de 2017  |h [Recurso electrn̤ico] :  |b (Reforma Trabalhista) /  |c Paulo Raimundo Lima Ralin, Rafael Camargo Felisbino 
256 |a Servicio en ln̕ea 
260 |a Rio de Janeiro:  |b Editora Processo,  |c 2018 
300 |a 1 recurso electrn̤ico 
500 |a As palavras ganham vidas prp̤rias e autn̥omas nos olhares de cada intřprete, livres, sem donos ou regras. Nô ̌diferente quando se interpreta uma lei. Neste caso, pode-se valer das tčnicas estudadas nas pg̀inas dos livros acadm̊icos de hermenůtica, escolhendo-se a interpretaȯ̂ mais adequada para aproximar o arcabouȯ normativo em anl̀ise do resultado que se deseja aplicar. E nô faltarô mťodos e tipos apropriados de interpretaȯ̂, a exemplo da gramatical, lg̤ica, sistemt̀ica, histr̤ica, teleolg̤ica, axiolg̤ica, sociolg̤ica, literal, restritiva, extensiva, dentre outras. A nova legislaȯ̂ trabalhista, recentemente aprovada pelo Congresso Nacional e sancionada na forma da Lei nð 13.467, de 13 de julho de 2017, pretendeu revogar o histr̤ico e fundamental sistema jurd̕ico de proteȯ̂ ao trabalhador, transformando o trabalho em coisa a ser apropriada pelo menor preȯ. Mas, independentemente dos quereres dos empregados e dos empregadores brasileiros, a Reforma Trabalhista produzir ̀efeitos imediatos no mundo do trabalho, no relacionamento intersindical, na leitura dos princp̕ios que norteiam o direito ao trabalho e na prp̤ria tramitaȯ̂ do processo trabalhista. 
506 1 |a Disponible solo en los productos indicados  |d vLex Global  |d vLex Global (Academic Edition, excluding Law Schools)  |d vLex Global (U.S. Academic Edition, Law Schools)  |d vLex Global (U.S. Academic Edition, excluding Law Schools)  |d vLex Global (Academic Edition, Law Schools) 
650 0 4 |a Derecho Laboral y Seguridad Social  |z Brasil 
700 1 |a Camargo Felisbino, Rafael 
740 0 |a vLex Libros (Servicio en ln̕ea) 
856 4 0 |u https://app.vlex.com/#/sources/36827  |z Acceso restringido 
942 |c BOOK 
999 0 |a Labor law and social security